000
00261 a2200121 4500
000
nam a22 7a 4500
020
_a
9788126577040
100
_a
Beaver,Kevin
_9
84
245
_a
Hacking for Dummies
250
_a
6
260
_b
Apress
_c
2018
264
_b
Apress
999
_c
35940
_d
35940